Geography Quiz

Random Geography or City Quiz
Score 0/20 Timer 05:00
1 Play Today
Question Answer Wrong Answers
1,731 m (5,690 ft) Denver
80.4%
Chicago
4.7%
Seattle
6.6%
1,400 m (4,600 ft) Kathmandu
78.5%
Tirana
6.1%
Dhaka
7%
1,350 m (4,429 ft) Ulaanbaatar
69.7%
Pyongyang
12.3%
Moscow
9.8%
1,830 m (6,003 ft) Tehran
69.2%
Tel Aviv
7.8%
Seoul
14.7%
3,656 m (11,995 ft) Lhasa
65.6%
Taipei
7.2%
Ankara
18.7%
1,100 m (3,600 ft) Amman
65.3%
Doha
17.3%
Kuwait City
9.1%
3,640 m (11,942 ft) La Paz
63%
Calgary
9.3%
Quito
19.4%
990 m (3,250 ft) Tegucigalpa
61.3%
Panama City
8%
Paramaribo
22.2%
1,079 m (3,540 ft) Brasília
61.2%
São Paulo
16.5%
Rio de Janeiro
14.3%
520 m (1,710 ft) Munich
61%
Amsterdam
4.2%
Oslo
26.5%
667 m (2,188 ft) Madrid
59.8%
Seville
21.8%
Lisbon
10.2%
990 m (3,250 ft) Yerevan
54.3%
Jakarta
11.7%
Baghdad
25.7%
770 m (2,530 ft) Tbilisi
53.3%
Baku
27.3%
Beirut
10.9%
1,791 m (5,876 ft) Kabul
53.2%
Phnom Penh
7%
Bern
31.2%
2,640 m (8,660 ft) Bogotá
52.3%
Santiago de Chile
29.6%
Caracas
9.9%
2,250 m (7,380 ft) Sana'a
46.1%
Cairo
10.2%
Riyadh
35.6%
2,250 m (7,380 ft) Mexico City
45.8%
Asuncion
15.8%
Lima
30.1%
140 m (460 ft) Birmingham
45.6%
London
14.6%
Manchester
31.7%
652 m (2,139 ft) Pristina
36%
Vilnius
18.8%
Chisinau
36.8%
920 m (3,020 ft) Bengaluru
33.3%
Sri Jayawardenepura Kotte
20.6%
Vientiane
37.6%
Remove Ads.
Support Sporcle.
Get the best of Sporcle when you Go Orange. This ad-free experience offers more features, more stats, and more fun while also helping to support Sporcle. Thank you for becoming a member.

You're not logged in!

Compare scores with friends on all Sporcle quizzes.
OR
Log In

Show Comments

Extras

Top Quizzes Today


Score Distribution

Your Account Isn't Verified!

In order to create a playlist on Sporcle, you need to verify the email address you used during registration. Go to your Sporcle Settings to finish the process.

Report this User

Report this user for behavior that violates our Community Guidelines.

Details: